LIBRARY & INFORMATION CENTRE, KCAET, TAVANUR

ONLINE PUBLIC ACCESS CATALOGUE (OPAC)

Computational aspects in chaos and nonlinear dynamics / (Record no. 6800)

MARC details
000 -LEADER
fixed length control field 00494cam a2200181ua 4500
020 ## - INTERNATIONAL STANDARD BOOK NUMBER
ISBN 81-224-0700-5
041 ## - LANGUAGE CODE
Language code of text/sound track or separate title eng
082 ## - DEWEY DECIMAL CLASSIFICATION NUMBER
Classification number 028.7453111
Item number AMB/CO
100 ## - MAIN ENTRY--AUTHOR NAME
Personal name Ambika, G .
245 00 - TITLE STATEMENT
Title Computational aspects in chaos and nonlinear dynamics /
260 ## - PUBLICATION, DISTRIBUTION, ETC. (IMPRINT)
Place of publication New Delhi :
Name of publisher Wiley Eastern Ltd ,
Year of publication 1994.
300 ## - PHYSICAL DESCRIPTION
Number of Pages 233 ; .
700 1# - ADDED ENTRY--PERSONAL NAME
Personal name Nandakumaran, V.M .
942 ## - ADDED ENTRY ELEMENTS (KOHA)
Koha item type Books
Holdings
Withdrawn status Lost status Damaged status Home library Current library Date acquired Full call number Accession Number Koha item type
      KAUAET KAUAET 07/04/2012 028.7453111 19982 Reference
free website counter